| 000 | 00314cam a22000977a 4500 | ||
|---|---|---|---|
| 008 | 180718b xxu||||| |||| 00| 0 eng d | ||
| 082 | _aW4068x5461 In2/2 | ||
| 245 |
_aTravel survey _cby Ministry of Transport, India |
||
| 260 |
_aNew Delhi _bGovernment of India Photo- Litho Press _c |
||
| 700 | _aIndia. Ministry of Transport | ||
| 999 |
_c424922 _d424922 |
||